Statistics for 30 Biggest European Cities in JetPunk Languages

Click here to take the quiz!

General Stats

  • This quiz has been taken 318 times
  • The average score is 87 of 150

Answer Stats

PopulationAnswer% Correct
17,100,000Moscow
97%
14,500,000London
96%
11,300,000París
95%
11,300,000Paris
95%
4,550,000Berlin
92%
4,550,000Berlín
92%
6,250,000Madrid
91%
3,600,000Rom
90%
4,650,000Barcelona
89%
5,150,000Milan
88%
5,150,000Milán
88%
14,600,000Istanbul
87%
3,600,000Rome
86%
5,500,000Saint Petersburg
83%
2,400,000Amesterdão
82%
2,550,000Lisbon
82%
2,300,000Warsaw
82%
2,225,000Munich
81%
2,225,000Múnich
81%
3,400,000Athen
80%
2,200,000Vienna
79%
2,600,000Budapest
78%
3,075,000Birmingham
77%
3,000,000Mánchester
77%
3,000,000Manchester
77%
2,800,000Hamburg
76%
2,400,000Amsterdam
75%
2,400,000Ámsterdam
75%
3,400,000Athens
75%
2,025,000Brüssel
75%
3,400,000Kiev
74%
4,250,000Naples
74%
2,200,000Bucharest
73%
3,600,000Roma
73%
3,175,000Frankfurt am Main
72%
3,175,000Frankfurt am Main
71%
3,175,000Frankfurt do Meno
71%
5,500,000Sankt Petersburg
71%
2,125,000Stockholm
71%
4,925,000Cologne / Düsseldorf
70%
2,025,000Brussels
65%
4,925,000Köln / Düsseldorf
61%
2,200,000Wien
61%
3,175,000Rotterdam
60%
2,550,000Lisboa
57%
2,225,000München
57%
14,500,000Londres
51%
2,100,000Leeds
49%
2,350,000Stuttgart
45%
4,925,000Colonia / Düsseldorf
43%
4,925,000Colónia / Düsseldorf
43%
4,650,000Barcelone
41%
17,100,000Moskau
38%
2,025,000Bruxelles
37%
2,200,000Vienne
36%
2,200,000Bucarest
34%
2,200,000Viena
34%
2,800,000Hamburgo
32%
17,100,000Moscú
27%
2,300,000Varsovia
27%
2,300,000Varsóvia
27%
3,400,000Atenas
25%
2,200,000Bukarest
25%
2,550,000Lissabon
25%
17,100,000Moscovo
25%
2,300,000Warschau
25%
2,550,000Lisbonne
23%
17,100,000Moscou
23%
3,400,000Kiew
22%
5,500,000San Petersburgo
22%
3,400,000Athènes
21%
5,150,000Milão
21%
2,300,000Varsovie
21%
2,125,000Estocolmo
20%
2,800,000Hambourg
20%
5,150,000Mailand
20%
4,250,000Nápoles
20%
3,175,000Roterdão
18%
2,025,000Bruselas
17%
14,600,000Istambul
17%
14,600,000Estambul
16%
3,175,000Fráncfort del Meno
16%
3,175,000Francfort-sur-le-Main
16%
3,175,000Róterdam
15%
5,500,000São Petersburgo
15%
4,550,000Berlim
14%
4,250,000Neapel
14%
2,200,000Bucareste
13%
2,600,000Budapeste
13%
5,500,000Saint-Pétersbourg
13%
2,225,000Munique
8%
2,025,000Bruxelas
7%
2,350,000Estugarda
4%

Score Distribution

Percentile by Number Answered

Percent of People with Each Score

Your Score History

You have not taken this quiz